Normal view
MARC view
- تاليف ابو سمرة، محمود احمد، م.مشارك محمد عبد الإله الطيطي
Entry Personal Name
001 - CONTROL NUMBER
- control field: 64287
003 - CONTROL NUMBER IDENTIFIER
- control field: JO-AjAnu
005 - DATE AND TIME OF LATEST TRANSACTION
- control field: 20230606084505.0
008 - FIXED-LENGTH DATA ELEMENTS
- fixed length control field: 230606|| aca||aabn | a|a d
040 ## - CATALOGING SOURCE
- Original cataloging agency: JO-AjAnu
- Transcribing agency: JO-AjAnu
100 ## - HEADING--PERSONAL NAME
- Personal name: تاليف ابو سمرة، محمود احمد، م.مشارك محمد عبد الإله الطيطي
670 ## - SOURCE DATA FOUND
- Source citation: Work cat.: (JO-AjAnu)32775: تاليف ابو سمرة، محمود احمد، م.مشارك محمد عبد الإله الطيطي, author, مناهج البحث العلمي من التبيين الى التمكين